|
|
|
|
| LEADER |
00000nab a2200000 a 4500 |
| 001 |
vtls000852641 |
| 003 |
SK-MaSNL |
| 005 |
20260304143317.0 |
| 008 |
250505c2003 xo 0 slo |
| 015 |
|
|
|a SNBRB2003/10-32509
|
| 035 |
|
|
|a CLN000204296
|
| 035 |
|
|
|a urn:nbn:sk:snk-ab7apc
|
| 035 |
|
|
|a (uuid)99055919-117b-4051-a32a-f06f1ded5789
|
| 035 |
|
|
|a (urnnbn)urn:nbn:sk:snk:ar-a07dur
|
| 035 |
|
|
|a (sysno)vtls000852641
|
| 040 |
|
|
|a SNKBUCL
|b slo
|c SNKBUCL
|e AACR2
|
| 041 |
0 |
|
|a slo
|
| 044 |
|
|
|a xo
|c SK
|
| 080 |
|
|
|a 61(048)
|2 1997
|
| 245 |
0 |
0 |
|a T. Greenhalgh: Jak pracovat s vedeckou publikací. Základy medicíny založené na důkazu
|
| 650 |
0 |
7 |
|a medicína
|x publikovanie
|x príručky
|x recenzie
|2 snkbucl
|9 1464091
|
| 650 |
0 |
7 |
|a medicína založená na dôkazoch
|x príručky
|x recenzie
|2 snkbucl
|9 1464092
|
| 655 |
|
7 |
|a články z novín a časopisov
|2 snkbucl
|9 267496
|
| 773 |
0 |
|
|t Eurorehab
|g Roč. 13, č. 2 (2003), s. 105
|x 1210-0366
|
| 787 |
0 |
8 |
|i Rec.:
|a Greenhalgh, T.
|t Jak pracovat s vedeckou publikací. Základy medicíny založené na důkazu
|d Praha : Grada, 2003
|z 8024703106
|
| 850 |
|
|
|a Slovenská národná knižnica
|
| 852 |
|
|
|a Slovenská národná knižnica
|
| 954 |
|
|
|a odborná, vedecká literatúra pôvodná (slovenská)
|2 lita
|
| 958 |
|
|
|a article27
|
| 958 |
|
|
|a OND
|
| 958 |
|
|
|a MI
|
| 958 |
|
|
|a RC
|
| 958 |
|
|
|a EUIPO
|
| 992 |
|
|
|a RBX
|
| 999 |
|
|
|c 2924831
|d 2926761
|